[Event "ECF Schools-ch"]
[Site "Nottingham"]
[Date "2024.06.28"]
[Round "5.3"]
[White "Howarth, Chevy"]
[Black "Stephens, Scott"]
[Result "0-1"]
[WhiteElo "1611"]
[BlackElo "1613"]
[PlyCount "84"]
[EventDate "2024.06.27"]
[EventType "team-swiss"]
[EventRounds "5"]
[EventCountry "ENG"]
[SourceTitle "EXT 2025"]
[Source "ChessBase"]
[SourceDate "2024.10.14"]
[SourceVersion "1"]
[SourceVersionDate "2024.10.14"]
[SourceQuality "1"]
[WhiteTeam "Leeds Grammar School"]
[BlackTeam "Hereford Cathedral School"]
[WhiteTeamCountry "ENG"]
[BlackTeamCountry "ENG"]

1. e4 c5 2. c3 d6 3. d4 cxd4 4. cxd4 g6 5. Nf3 Bg7 6. Be3 Nf6 7. Bd3 0-0 8. Nc3 a6 9. Qd2 b5 10. Bh6 e6 11. Bxg7 Kxg7 12. h4 h5 13. Ne2 Bb7 14. Ng5 Nbd7 15. Nf4 Qe7 16. f3 e5 17. Ne2 Rac8 18. g4 Nb6 19. Ng3 Nc4 20. Bxc4 Rxc4 21. d5 hxg4 22. h5 Rh8 23. h6+ Kf8 24. h7 gxf3 25. Nxf3 Nxe4 26. Qh6+ Ke8 27. Qg7 Qf6 28. Qg8+ Ke7 29. Nxe4 Rxe4+ 30. Kf2 Rf4 31. Rh3 Bxd5 32. Rc1 Bxf3 33. Rxf3 Rxf3+ 34. Ke2 Rf2+ 35. Ke1 Rf1+ 36. Kd2 Qf4+ 37. Kd3 Qd4+ 38. Ke2 Rxg8 39. Rc7+ Ke6 40. hxg8Q Qd1+ 41. Ke3 Qf3+ 42. Kd2 Rd1+ 0-1